|
|
|
|
| LEADER |
00000nam a2200000 a 4500 |
| 001 |
vtls001473054 |
| 003 |
SK-MaSNL |
| 005 |
20260302073520.0 |
| 008 |
240315s2003 US a 0 eng |
| 015 |
|
|
|a SNBZSE2004-00024
|
| 035 |
|
|
|a SNK000428356
|
| 040 |
|
|
|a SNK
|b slo
|c SNK
|e AACR2
|
| 041 |
0 |
|
|a eng
|
| 043 |
|
|
|a n-us---
|
| 043 |
|
|
|a n-xo---
|
| 044 |
|
|
|a US
|
| 072 |
|
7 |
|a 929
|2 konspekt
|
| 080 |
|
|
|a 82:929:821.111 (73)=111
|2 2. slo
|
| 100 |
1 |
|
|a Mušinka, Mikuláš,
|d 1936-2024
|4 aut
|9 99915
|
| 245 |
1 |
|
|a An American writer from Nyžnij Tvarožec: in the 100th anniversary of the birth of Thomas Bell (1903-1961)
|c by Nikolaj Mušinka ; translated by Natasha Schweiger
|
| 250 |
|
|
|a [1st ed.]
|
| 260 |
|
|
|a [S.l.
|b s.n.]
|c 2003
|
| 300 |
|
|
|a S. 10-11
|b fotogr.
|c 28 cm
|
| 500 |
|
|
|a Xerokópia
|
| 500 |
|
|
|a Preklad z: Nove žyttja (Prešov, Slovakia), 14 March 2003
|
| 500 |
|
|
|a Rozmn. z: The New Rusyn Times, November/December 2003
|
| 600 |
1 |
|
|a Bell, Thomas,
|d 1903-1961
|2 SNK
|9 107566
|
| 650 |
0 |
7 |
|a biografie
|2 SNK
|9 111226
|
| 655 |
|
7 |
|a separáty
|2 SNK
|9 70334
|
| 655 |
|
7 |
|a biografie
|2 SNK
|9 27965
|
| 700 |
1 |
|
|a Schweiger, Natasha
|4 prk
|9 738027
|
| 958 |
|
|
|a ZS
|
| 958 |
|
|
|a RN
|
| 958 |
|
|
|a US
|
| 958 |
|
|
|a BX
|
| 999 |
|
|
|c 1161144
|d 1163074
|
| 952 |
|
|
|t P60, <03>, [BOOK], {603}
|a SNK
|b SNK
|y PREZ
|7 0
|p 17A0426375
|o snkOSB 14007
|i snkV 858/2004
|g 1.00
|0 0
|1 0
|4 0
|d 2004-04-15
|l 0
|r 2005-01-02 00:00:00
|w 2026-02-24
|